00754nam a22001937a 4500003000900000005001700009008004100026040001300067041000800080082001300088110004100101245006700142260005000209300002300259440004800282504004000330650003300370650015700403BDDh-ASL20231120150217.0231120b1998 nyu||||| |||| 00| 0 eng d cBDDh-ASL aeng a954bROY1 aCambridge University Press, London. 10aTransactions of the Royal Historical Society: bVolume- VIII./ aLondon: bCambridge University Press, c1998. a386 p.: c22 c.m.  aRoyal Historical Society: Sixth Series n 8 aInclude Bibliographical References. 0aHistory (ইতিহাস) 0aHistory and Heritage (ইতিহাস ও ঐতিহ্য) , ইতিহাস, History, Etihas, Itihas O Oitijjo, Etihash O Aitijjaya , Aitijjha